| 000 | 00848nam a22002537a 4500 | ||
|---|---|---|---|
| 003 | dpl | ||
| 005 | 20180523140527.0 | ||
| 008 | 171207b xxu||||| |||| 00| 0 eng d | ||
| 010 | _aBAC-05-12-17 B-128473 | ||
| 020 |
_c850.00 _a8187471166 |
||
| 035 | _aB-128473, B-128477 | ||
| 037 | _bCen Lib/Ret | ||
| 040 |
_aDPL _bEN _cdpl |
||
| 082 |
_a954.08 _bDAS |
||
| 100 |
_aDas, M.N. _920339 |
||
| 245 |
_aFateful events of 1947 : _cby M.N.Das _bthe secret British game of divide and quit / |
||
| 260 |
_aNew Delhi _bStandard Publishers _c2004 |
||
| 270 |
_aG-126/2, Rajapuri Main Road, Uttam Nagar _bNew Delhi _e110059 |
||
| 300 |
_axi, 492p. _c20cm(Hb) |
||
| 500 | _aIncludes index | ||
| 650 |
_aIndia -- History -- Partition, 1947 _926337 |
||
| 650 |
_aGeschichte 1947 _930314 |
||
| 942 |
_2ddc _cEN _h951.08 _mDAS |
||
| 999 |
_c130872 _d130872 |
||